| 000 | 00649nam a2200253Ia 4500 | ||
|---|---|---|---|
| 003 | OSt | ||
| 005 | 20140315090755.0 | ||
| 008 | 140130s9999 xx 000 0 und d | ||
| 020 | _a9780439866361 | ||
| 050 |
_aPZ 8.3 _b.B314Ap 2006 |
||
| 100 | _aBateman, Teresa. | ||
| 245 |
_cTeresa Bateman. _aApril foolishness / |
||
| 260 |
_bScholastic Inc., _cc2006. _aUSA : |
||
| 300 |
_a30 p. : _bcol. ill. ; _c26 cm. |
||
| 440 | _v1 | ||
| 521 | _aG2 | ||
| 526 | _c440 | ||
| 650 |
_aApril Fools’ Day _xFiction. |
||
| 650 |
_aGrandparents _xFiction. |
||
| 650 |
_a Farm life _xFiction. |
||
| 942 |
_cBK _2lcc |
||
| 999 |
_c40338 _d40338 |
||